000 00349nam a2200133Ia 4500
008 151001s9999||||xx |||||||||||||| ||und||
100 _aसुरभी अनिता
245 _aप्रदक्षिणा
250 _a1
260 _bसंजीव प्रकाशन
260 _c1998
300 _a160
365 _b18
999 _c974418
_d974415